书目信息 |
| 题名: |
乐队女孩
|
|
| 作者: | 戈登 著 ;董楠 译 | |
| 分册: | ||
| 出版信息: | 桂林 广西师范大学出版社 2018.06 |
|
| 页数: | xvi, 355页 | |
| 开本: | 21cm | |
| 丛书名: | ||
| 单 册: | ||
| 中图分类: | I712.55 | |
| 科图分类: | ||
| 主题词: | 回忆录--hui yi lu--美国--现代 | |
| 电子资源: | ||
| ISBN: | 978-7-5598-0796-0 | |
| 000 | 01348nam0 2200301 450 | |
| 001 | 202019132906 | |
| 005 | 20190921113344.0 | |
| 010 | @a978-7-5598-0796-0@b精装@dCNY69.00 | |
| 100 | @a20190916d2018 em y0chiy50 ea | |
| 101 | 1 | @achi@ceng |
| 102 | @aCN@b450000 | |
| 105 | @aa z 000yd | |
| 106 | @ar | |
| 200 | 1 | @a乐队女孩@Ayue dui nv hai@f(美) 金·戈登著@g董楠译 |
| 210 | @a桂林@c广西师范大学出版社@d2018.06 | |
| 215 | @axvi, 355页@c图@d21cm | |
| 312 | @a英文题名取自版权页 | |
| 312 | @a封面其他题名: 金·戈登回忆录 | |
| 314 | @a金·戈登, 生于1953年, 美国实验后朋克乐队“音速青年”创始成员兼主唱和贝斯手。董楠, 自由译者, 翻译了诸多摇滚乐书籍和传记。 | |
| 330 | @a戈登追溯了自己在加州所度过的童年, 也记述了20世纪80-90年代的纽约艺术圈景象, 当时艺术与音乐的边界逐渐模糊, 金钱大量涌入艺术领域, 为“音速青年”传奇的登台埋下伏笔。未来, 这支乐队又会成为“涅槃”等乐队爆炸性成功的先声。戈登也以专辑为线索, 逐一向启发过她的作家、音乐家和艺术家致敬, 为粉丝们提供了无价的细节, 记录下一个“乐队女孩”的奋斗历程。 | |
| 500 | 10 | @aGirl in a band@mChinese |
| 517 | 1 | @a金·戈登回忆录@Ajin · ge deng hui yi lu |
| 606 | 0 | @a回忆录@Ahui yi lu@y美国@z现代 |
| 690 | @aI712.55@v5 | |
| 701 | 1 | @a戈登@Age deng@g(Gordon, Kim),@f1953-@4著 |
| 702 | 0 | @a董楠@Adong nan@4译 |
| 801 | 0 | @aCN@c20190905 |
| 905 | @a河南城建学院图书馆@dI712.55@eG230 | |
| 乐队女孩/(美) 金·戈登著/董楠译.-桂林:广西师范大学出版社,2018.06 |
| xvi, 355页:图;21cm |
| ISBN 978-7-5598-0796-0(精装):CNY69.00 |
| 戈登追溯了自己在加州所度过的童年, 也记述了20世纪80-90年代的纽约艺术圈景象, 当时艺术与音乐的边界逐渐模糊, 金钱大量涌入艺术领域, 为“音速青年”传奇的登台埋下伏笔。未来, 这支乐队又会成为“涅槃”等乐队爆炸性成功的先声。戈登也以专辑为线索, 逐一向启发过她的作家、音乐家和艺术家致敬, 为粉丝们提供了无价的细节, 记录下一个“乐队女孩”的奋斗历程。 |
| ● |
| 相关链接 |
|
|
|
正题名:乐队女孩
索取号:I712.55/G230
 
预约/预借
| 序号 | 登录号 | 条形码 | 馆藏地/架位号 | 状态 | 备注 |
| 1 | 1439809 | 214398098 | 社科二线422/422社科库 29排3列3层/ [索取号:I712.55/G230] | 在馆 | |
| 2 | 1439810 | 214398105 | 文学库116/116文学库 29排6列5层/ [索取号:I712.55/G230] | 在馆 | |
| 3 | 1439811 | 214398114 | 文学库116/116文学库 29排6列5层/ [索取号:I712.55/G230] | 在馆 |